000 00417nam a2200133Ia 4500
008 170516s9999 xx 000 0 und d
245 _aChronic post-traumatic high-flow priapism treated with temporary gelatin sponge embolization
260 _bActa Radiologica Open
260 _c2013
300 _a1:4
650 _xRadiologic Technology
650 _xRadtech
856 _uhttp://journals.sagepub.com/toc/arra/1/4
999 _c332235
_d332235